| 000 | 01379nam a22002177a 4500 | ||
|---|---|---|---|
| 003 | BDDh-ASL | ||
| 005 | 20231015031229.0 | ||
| 008 | 230317s2015 bg ||||| |||| 00| 0 b d | ||
| 040 |
_aBDDh-ASL _cBDDh-ASL |
||
| 041 | _aben | ||
| 082 |
_a954 _bHOO |
||
| 100 | 1 |
_aহোসেন, মোহা. জাহাঙ্গীর _cড. _97542 |
|
| 245 | 1 | 0 |
_aঅবিভক্ত নদীয়া জেলা : ইতিহাস, সমাজ ও সংস্কৃতি (১৭৮৬-১৯৪৭ খ্রি.) :: _b[কুষ্টিয়া, চুয়াডাঙ্গা, মেহেরপুর ও পশ্চিমবঙ্গের নদীয়া জেলা] / |
| 246 | _aObivokta Nadia Zila Itihas, Somaj O Songskriti (1786-1987 ) | ||
| 260 |
_aঢাকা : _bগতিধারা, _c2015. |
||
| 300 |
_a325 p. : _c22 cm. |
||
| 651 | 0 |
_aকুষ্টিয়া (Kushtia) Kustia _zবাংলাদেশ (Bangladesh) _97449 |
|
| 651 | 0 |
_aChuadanga (চুয়াডাঙ্গা) Cuẏāḍāṅgā _zBangladesh (বাংলাদেশ) _95530 |
|
| 651 | 0 |
_aMeherpur (মেহেরপুর) Mujibnagar, মুজিবনগর, Mujibanagara, Baidyanathtala (Boiddonathtola) বৈদ্যনাথতলা, ভবের পাড়া, আম্রকানন _zBangladesh (বাংলাদেশ) _97478 |
|
| 942 |
_2ddc _cBK |
||
| 999 |
_c31092 _d31092 |
||